60 Random Capitals Missing on the World Map - Statistics

General Stats
  • This quiz has been taken 20,163 times
  • The average score is 36 of 60
Answers on the Map
Answers color-coded by a green-red scale on the quiz's map according to % correct below.
 
Answer Stats
Answer % Correct
Cairo
93%
Brasilia
92%
Rabat
91%
Canberra
89%
Kyiv
88%
Oslo
88%
Quito
87%
Tripoli
87%
Caracas
86%
Lima
86%
Ulaanbaatar
86%
Warsaw
86%
Dublin
85%
Lisbon
85%
Ankara
84%
Moscow
84%
Madrid
83%
Seoul
83%
Wellington
83%
Algiers
82%
Luanda
82%
Mexico City
82%
Windhoek
82%
Asuncion
81%
Bogota
81%
Khartoum
81%
London
80%
Beijing
79%
Tokyo
79%
Georgetown
78%
Manila
78%
Islamabad
77%
New Delhi
77%
Stockholm
77%
Athens
76%
Jakarta
76%
Ottawa
76%
Sana'a
76%
Baghdad
75%
Havana
75%
Mogadishu
75%
Muscat
75%
Santiago
75%
Tehran
75%
Kabul
74%
Paris
74%
Port Moresby
74%
Riga
74%
Chisinau
73%
Dhaka
73%
Hanoi
73%
Paramaribo
73%
Tbilisi
73%
Astana
72%
Pyongyang
72%
Reykjavik
72%
Valletta
72%
Victoria
72%
Addis Ababa
71%
Montevideo
71%
Tunis
71%
Male
70%
Phnom Penh
70%
Baku
69%
Bamako
69%
Berlin
69%
Copenhagen
69%
Naypyidaw
69%
Panama City
69%
Taipei
69%
Andorra la Vella
68%
Bucharest
68%
Helsinki
68%
Prague
68%
San Marino
68%
Nicosia
67%
San Jose
67%
Yerevan
67%
Nassau
66%
Sofia
66%
Kingston
65%
Kuwait City
65%
Sarajevo
65%
Antananarivo
64%
Rome
64%
Santo Domingo
64%
Singapore
64%
Amsterdam
63%
Dili
63%
Vientiane
63%
Abu Dhabi
62%
Brussels
62%
Lusaka
62%
Apia
61%
Juba
61%
Kathmandu
61%
Moroni
61%
Riyadh
61%
Belmopan
60%
Nairobi
60%
Praia
60%
Tashkent
60%
Abuja
59%
Bratislava
59%
Budapest
59%
Kuala Lumpur
59%
N'Djamena
59%
Thimphu
59%
Ashgabat
58%
Bern
58%
Bishkek
58%
Buenos Aires
58%
Vilnius
58%
Guatemala City
57%
Kinshasa
57%
Niamey
57%
Nouakchott
57%
Port-au-Prince
57%
Vatican City
57%
Skopje
56%
Suva
56%
Tallinn
56%
Zagreb
56%
Djibouti
55%
Harare
55%
Managua
55%
Monaco
55%
Asmara
54%
Belgrade
53%
Monrovia
53%
Sao Tome
53%
Bangui
52%
Dushanbe
52%
Port Louis
52%
Sri Jayawardenepura Kotte
52%
Dakar
51%
Gaborone
51%
La Paz
51%
Ngerulmud
51%
Yamoussoukro
51%
Amman
50%
Bandar Seri Begawan
50%
Bangkok
50%
Honiara
50%
Libreville
50%
Luxembourg
50%
Palikir
50%
Tirana
50%
Vienna
50%
Accra
49%
Brazzaville
49%
Funafuti
49%
Jerusalem
49%
Minsk
49%
Doha
48%
Majuro
48%
Vaduz
48%
Banjul
47%
Beirut
46%
Bissau
46%
Kampala
46%
Nukuʻalofa
46%
Damascus
45%
Dodoma
45%
South Tarawa
45%
Yaren
45%
Maputo
44%
Port-Vila
44%
Cape Town
43%
Lilongwe
43%
Ljubljana
43%
Manama
43%
Ouagadougou
43%
Kigali
42%
Roseau
42%
Sucre
42%
Tegucigalpa
42%
Washington
42%
Port-of-Spain
41%
Conakry
40%
Freetown
40%
Kingstown
40%
Podgorica
40%
Basseterre
39%
San Salvador
39%
Gitega
37%
Lome
36%
Maseru
36%
Pristina
36%
Saint George's
36%
Castries
35%
Yaounde
35%
Bridgetown
34%
Saint John's
34%
Bloemfontein
33%
Malabo
32%
Mbabane
32%
Pretoria
29%
Cotonou
26%
Porto-Novo
23%
No matching quizzes found
Score Distribution
Percent of People with Each Score
Percentile by Number Answered
Your Score History
You have not taken this quiz